LEADER 00910nam0-2200241 --450 001 9910272560103321 005 20180619094459.0 100 $a20180619d2006----kmuy0itay5050 ba 101 0 $aita 102 $aIT 105 $a 001yy 200 1 $a<>sistema di previsione della spesa per gli investimenti pubblici$eun'applicazione agli interventi degli accordi di programma quadro$fC. Amati ... [et al.] 210 $aRoma$cMinistero dell'economia e delle finanze, Dipartimento per le politiche di sviluppo, Unitŕ di valutazione degli investimenti pubblici$d2006 215 $a51 p.$d29 cm 225 1 $aMateriali UVAL. Metodi$v8 702 1$aAmati,$bC. 801 0$aIT$bUNINA$gREICAT$2UNIMARC 901 $aBK 912 $a9910272560103321 952 $aINU C 653$b2137$fFARBC 959 $aFARBC 996 $aSistema di previsione della spesa per gli investimenti pubblici$91202810 997 $aUNINA LEADER 04065 am 22007813u 450 001 996466433903316 005 20230125212706.0 010 $a3-030-32785-X 024 7 $a10.1007/978-3-030-32785-9 035 $a(CKB)4100000009453370 035 $a(DE-He213)978-3-030-32785-9 035 $a(MiAaPQ)EBC5968244 035 $a(Au-PeEL)EBL5968244 035 $a(OCoLC)1135665189 035 $a(oapen)https://directory.doabooks.org/handle/20.500.12854/26241 035 $a(PPN)255937318 035 $a(EXLCZ)994100000009453370 100 $a20191008d2019 u| 0 101 0 $aeng 135 $aurnn|008mamaa 181 $ctxt$2rdacontent 182 $cc$2rdamedia 183 $acr$2rdacarrier 200 10$aHow AI Impacts Urban Living and Public Health$b[electronic resource] $e17th International Conference, ICOST 2019, New York City, NY, USA, October 14-16, 2019, Proceedings /$fedited by José Pagán, Mounir Mokhtari, Hamdi Aloulou, Bessam Abdulrazak, María Fernanda Cabrera 205 $a1st ed. 2019. 210 $cSpringer Nature$d2019 210 1$aCham :$cSpringer International Publishing :$cImprint: Springer,$d2019. 215 $a1 online resource (XIII, 224 p. 80 illus., 68 illus. in color.) 225 1 $aInformation Systems and Applications, incl. Internet/Web, and HCI ;$v11862 311 $a3-030-32784-1 327 $aE-health technology design -- Well-being technology -- Biomedical and health informatics -- Smart environment technology. . 330 $aThis open access book constitutes the refereed proceedings of the 17th International Conference on String Processing and Information Retrieval, ICOST 2019, held in New York City, NY, USA, in October 2019. The 15 full papers and 5 short papers presented in this volume were carefully reviewed and selected from 24 submissions. They cover topics such as: e-health technology design; well-being technology; biomedical and health informatics; and smart environment technology. . 410 0$aInformation Systems and Applications, incl. Internet/Web, and HCI ;$v11862 606 $aComputer communication systems 606 $aSpecial purpose computers 606 $aUser interfaces (Computer systems) 606 $aArtificial intelligence 606 $aComputer Communication Networks$3https://scigraph.springernature.com/ontologies/product-market-codes/I13022 606 $aSpecial Purpose and Application-Based Systems$3https://scigraph.springernature.com/ontologies/product-market-codes/I13030 606 $aUser Interfaces and Human Computer Interaction$3https://scigraph.springernature.com/ontologies/product-market-codes/I18067 606 $aArtificial Intelligence$3https://scigraph.springernature.com/ontologies/product-market-codes/I21000 610 $aComputer science 610 $aComputer communication systems 610 $aSpecial purpose computers 610 $aUser interfaces (Computer systems) 610 $aArtificial intelligence 615 0$aComputer communication systems. 615 0$aSpecial purpose computers. 615 0$aUser interfaces (Computer systems). 615 0$aArtificial intelligence. 615 14$aComputer Communication Networks. 615 24$aSpecial Purpose and Application-Based Systems. 615 24$aUser Interfaces and Human Computer Interaction. 615 24$aArtificial Intelligence. 676 $a004.6 700 $aPagán$b José$4edt$01354831 702 $aPagán$b José$4edt$4http://id.loc.gov/vocabulary/relators/edt 702 $aMokhtari$b Mounir$4edt$4http://id.loc.gov/vocabulary/relators/edt 702 $aAloulou$b Hamdi$4edt$4http://id.loc.gov/vocabulary/relators/edt 702 $aAbdulrazak$b Bessam$4edt$4http://id.loc.gov/vocabulary/relators/edt 702 $aCabrera$b María Fernanda$4edt$4http://id.loc.gov/vocabulary/relators/edt 801 0$bMiAaPQ 801 1$bMiAaPQ 801 2$bMiAaPQ 906 $aBOOK 912 $a996466433903316 996 $aHow AI Impacts Urban Living and Public Health$93358409 997 $aUNISA LEADER 01097nam0 22002893i 450 001 RML0470503 005 20231121125803.0 010 $a9781786463517 100 $a20210420d2016 ||||0itac50 ba 101 | $aita 102 $ait 181 1$6z01$ai $bxxxe 182 1$6z01$an 200 1 $aScientific computing with Python 3$ean example-rich, comprehensive guide for all of your Python computational needs$fClaus Fuhrer; Jan Erik Solem, Olivier Verdier 210 $aBirmingham$cPackt$d2016 215 $aVIII, 316 p. 23 cm. 700 1$aFuhrer$b, Claus$3PUVV341564$4070$01232782 701 1$aVerdier$b, Olivier$3RMLV238185$4070$01325688 701 1$aSolem$b, Jan Erik$3RMSV976806$4070$01446788 801 3$aIT$bIT-01$c20210420 850 $aIT-FR0099 899 $aBiblioteca Area Ingegneristica$bFR0099 912 $aRML0470503 950 0$aBiblioteca Area Ingegneristica$d 54S. L. 005.1 FUH$e 54DCM0000000565 VMN A4 $fA $h20210420$i20210420 977 $a 54 996 $aScientific computing with Python 3$93634205 997 $aUNICAS